[Event "57th World Juniors 2018"]
[Site "Manavgat TUR"]
[Date "2018.09.06"]
[Round "2.10"]
[White "Narayanan, S.L."]
[Black "Garayev, Kanan"]
[Result "1/2-1/2"]
[WhiteTitle "GM"]
[BlackTitle "FM"]
[WhiteElo "2573"]
[BlackElo "2404"]
[WhiteFideId "5058422"]
[BlackFideId "13406671"]
[EventDate "2018.09.05"]

1. c4 Nf6 2. Nc3 e6 3. e4 d5 4. e5 d4 5. exf6 dxc3 6. fxg7 cxd2+ 7. Bxd2 Bxg7 8.
Qb3 c5 9. Bc3 Bxc3+ 10. Qxc3 Qd4 11. Qxd4 cxd4 12. f4 Nc6 13. Nf3 O-O 14. O-O-O
Rd8 15. Bd3 Bd7 16. Be4 Rac8 17. Nxd4 Nb4 18. b3 Nxa2+ 19. Kb2 Nb4 20. Bxb7 Rb8
21. Bf3 a5 22. Nb5 Kf8 23. Rd2 Ke7 24. Nd4 Rdc8 25. Re1 Kf8 26. Re5 a4 27. Nb5
Be8 28. Ka3 Na6 29. Kxa4 f6 30. Re3 Nc7 31. Ka3 Bxb5 32. cxb5 Nxb5+ 33. Kb2 Ke7
34. Bg4 Rc6 35. Rh3 Rh8 36. Be2 Nd6 37. Bd3 h6 38. Re2 Rb6 39. Rhe3 Nb7 40. Rc2
Rb8 41. Rc3 Na5 42. Be4 Rb4 43. Bd5 R8b6 44. f5 e5 45. Red3 e4 46. Rd2 Rd6 47.
Kc2 Rb5 48. Be6 Nc6 49. Rc4 e3 50. Rxd6 Kxd6 51. Kd1 Ra5 52. Ke2 Ra2+ 53. Kxe3
Rxg2 54. Rh4 Ke5 55. Kd3 Ne7 56. b4 Rb2 57. h3 Nc6 58. Re4+ Kd6 59. Kc3 Rb1 60.
Ba2 Rc1+ 61. Kb2 Rf1 62. Re6+ Kd7 63. Rxf6 Nxb4 64. Bc4 Rf3 65. Rxh6 Nd3+ 66.
Kc2 Nf2 67. f6 Nxh3 68. Be2 Rf2 69. Kd1 Ng5 70. Rg6 Ne4 71. Bg4+ Ke8 72. Bh5 Kf8 1/2-1/2

[Event "57th World Juniors 2018"]
[Site "Manavgat TUR"]
[Date "2018.09.06"]
[Round "2.11"]
[White "Pichot, Alan"]
[Black "Ozer, Omer Faruk"]
[Result "1-0"]
[WhiteTitle "GM"]
[BlackTitle "IM"]
[WhiteElo "2562"]
[BlackElo "2388"]
[WhiteFideId "110973"]
[BlackFideId "6354564"]
[EventDate "2018.09.05"]

1. e4 c5 2. Nf3 Nc6 3. d4 cxd4 4. Nxd4 Qb6 5. Nb3 Nf6 6. Nc3 e6 7. Qe2 Bb4 8.
Bd2 O-O 9. a3 Be7 10. O-O-O d5 11. exd5 Nxd5 12. g3 Nxc3 13. Bxc3 e5 14. Bg2 Be6
15. Bxc6 Qxc6 16. Qxe5 Bf6 17. Qc5 Bxc3 18. Qxc3 Qg2 19. Qd2 Bxb3 20. cxb3 Qf3
21. Qe3 Qf5 22. Rd3 Rac8+ 23. Kb1 Rcd8 24. Rd1 Rxd3 25. Qxd3 Qxf2 26. Rd2 Qb6
27. Ka2 g6 28. Qd7 Kg7 29. Qe7 a6 30. Rc2 Qb5 31. Rc7 b6 32. Qe3 Re8 33. Qd4+
Kg8 34. Qf6 Rf8 35. Rc4 Qh5 36. h4 b5 37. g4 Qd5 38. Rd4 Qe6 39. Rd6 Qxf6 40.
Rxf6 Ra8 41. b4 Kf8 42. a4 Ke7 43. g5 bxa4 44. Ka3 Rd8 45. Rxa6 Rd4 46. b5 Rxh4
47. Rxa4 Rh3+ 48. b3 Rd3 49. Re4+ Kd6 50. Rc4 Ke6 51. b6 Rd8 52. Kb4 f5 53. Kb5
Ke5 54. b7 Rb8 55. Kb6 1-0

[Event "57th World Juniors 2018"]
[Site "Manavgat TUR"]
[Date "2018.09.06"]
[Round "2.12"]
[White "Lagunow, Raphael"]
[Black "Vavulin, Maksim"]
[Result "0-1"]
[WhiteTitle "FM"]
[BlackTitle "IM"]
[WhiteElo "2403"]
[BlackElo "2559"]
[WhiteFideId "24652644"]
[BlackFideId "4169530"]
[EventDate "2018.09.05"]

1. e4 g6 2. d4 Bg7 3. Nc3 d6 4. Be3 a6 5. Qd2 b5 6. O-O-O Bb7 7. h4 b4 8. Nd5 a5
9. f3 e6 10. Nf4 h6 11. Bd3 Nd7 12. Nge2 Ne7 13. Nh3 d5 14. c4 bxc3 15. Nxc3 Ba6
16. h5 g5 17. g4 Bxd3 18. Qxd3 c6 19. f4 gxf4 20. Nxf4 a4 21. Rhf1 Qa5 22. Rd2
Nb6 23. Rdf2 Nc4 24. Ng2 Qb4 25. a3 Qb3 26. e5 c5 27. dxc5 Nc6 28. Qd1 Bxe5 29.
Qxb3 axb3 30. Nb5 Ra5 31. Nd6+ Bxd6 32. cxd6 N6e5 33. Kb1 Nxe3 34. Nxe3 Kd7 35.
Rf4 Rb8 36. Rf6 Ra4 37. Rxh6 Re4 38. Nd1 Rxg4 39. Nc3 Kxd6 40. Rd1 Ke7 41. Re1
Rg5 42. Rh7 Rbg8 43. h6 d4 0-1

[Event "57th World Juniors 2018"]
[Site "Manavgat TUR"]
[Date "2018.09.06"]
[Round "2.13"]
[White "Bai, Jinshi"]
[Black "Percivaldi, Martin"]
[Result "0-1"]
[WhiteTitle "GM"]
[BlackTitle "IM"]
[WhiteElo "2556"]
[BlackElo "2376"]
[WhiteFideId "8602280"]
[BlackFideId "1508148"]
[EventDate "2018.09.05"]

1. d4 e6 2. c4 d5 3. Nf3 Nf6 4. Nc3 c5 5. e3 cxd4 6. exd4 Bb4 7. cxd5 Nxd5 8.
Bd2 O-O 9. Bd3 Nxc3 10. bxc3 Be7 11. O-O Qc7 12. Ne5 Nd7 13. f4 b6 14. Qh5 f5
15. g4 Nxe5 16. fxe5 g6 17. Qh3 Kh8 18. gxf5 gxf5 19. Kf2 Bb7 20. Rg1 Rg8 21.
Rxg8+ Rxg8 22. Rg1 Rxg1 23. Kxg1 Qc6 24. Kf2 Qd5 25. Qh5 Bc6 26. Be3 Qxa2+ 27.
Be2 Qd5 28. Bf3 Qxf3+ 29. Qxf3 Bxf3 30. Kxf3 Kg7 31. c4 Kf7 32. Ke2 Ke8 33. d5
Kd7 34. Kd3 Bc5 35. Bf4 a6 36. Kc2 b5 37. Kb3 Bf2 38. Bd2 h5 39. Kb4 h4 40. Bg5
Bg3 41. h3 f4 42. cxb5 axb5 43. Kxb5 f3 0-1

[Event "57th World Juniors 2018"]
[Site "Manavgat TUR"]
[Date "2018.09.06"]
[Round "2.14"]
[White "Nikolovski, Nikola"]
[Black "Hakobyan, Aram"]
[Result "0-1"]
[WhiteTitle "IM"]
[BlackTitle "GM"]
[WhiteElo "2388"]
[BlackElo "2554"]
[WhiteFideId "15002314"]
[BlackFideId "13306677"]
[EventDate "2018.09.05"]

1. e4 c5 2. Nf3 d6 3. d4 cxd4 4. Nxd4 Nf6 5. Nc3 Nc6 6. Bg5 Qb6 7. Nb3 e6 8. Qd2
Be7 9. f3 O-O 10. O-O-O Rd8 11. Be3 Qc7 12. Qf2 d5 13. exd5 Nxd5 14. Nxd5 Rxd5
15. Rxd5 exd5 16. g4 Ne5 17. Kb1 Nc4 18. Bd4 a5 19. h4 a4 20. Nc1 b5 21. Bd3 Be6
22. Rg1 Qf4 23. Bxc4 dxc4 24. Ne2 Qd6 25. h5 b4 26. h6 c3 27. hxg7 cxb2 28. Bxb2
Qd5 29. Qh2 Qxa2+ 30. Kc1 Bg5+ 31. Nf4 a3 32. Be5 b3 33. Rh1 h6 34. cxb3 Rc8+ 0-1

[Event "57th World Juniors 2018"]
[Site "Manavgat TUR"]
[Date "2018.09.06"]
[Round "2.15"]
[White "Lomasov, Semyon"]
[Black "Nikitenko, Mihail"]
[Result "1/2-1/2"]
[WhiteTitle "IM"]
[BlackTitle "IM"]
[WhiteElo "2545"]
[BlackElo "2368"]
[WhiteFideId "24164879"]
[BlackFideId "13506862"]
[EventDate "2018.09.05"]

1. e4 d6 2. d4 Nf6 3. Nc3 e5 4. Nf3 Nbd7 5. Bc4 Be7 6. O-O O-O 7. a4 a5 8. Re1
b6 9. b3 Bb7 10. Bb2 Re8 11. dxe5 dxe5 12. Nd5 Bd6 13. Bb5 c6 14. Nxf6+ Qxf6 15.
Bc4 h6 16. Nh4 Bc5 17. Nf5 Nf8 18. Qh5 Bc8 19. Re2 Ng6 20. g3 Be6 21. Bxe6 Qxe6
22. Rd1 Bf8 23. Red2 b5 24. h4 bxa4 25. bxa4 Qa2 26. Ba1 Qxa4 27. Qf3 Qc4 28. h5
Nh8 29. Qg4 Kh7 30. Bb2 Qa2 1/2-1/2

[Event "57th World Juniors 2018"]
[Site "Manavgat TUR"]
[Date "2018.09.06"]
[Round "2.16"]
[White "Agmanov, Zhandos"]
[Black "Kollars, Dmitrij"]
[Result "0-1"]
[WhiteTitle "FM"]
[BlackTitle "GM"]
[WhiteElo "2379"]
[BlackElo "2536"]
[WhiteFideId "13708309"]
[BlackFideId "12909572"]
[EventDate "2018.09.05"]

1. e4 c5 2. Nf3 e6 3. d4 cxd4 4. Nxd4 Nc6 5. Nc3 Qc7 6. Be3 a6 7. Qd2 Nf6 8.
O-O-O Bb4 9. f3 Ne7 10. Nde2 b5 11. Kb1 Ba5 12. Qd4 Nc6 13. Qc5 h6 14. Bf4 e5
15. Be3 Bb4 16. Qb6 Qxb6 17. Bxb6 Rb8 18. Be3 d6 19. Nd5 Nxd5 20. Rxd5 Ke7 21.
c3 Ba5 22. Nc1 Be6 23. Rd1 Bb6 24. Bxb6 Rxb6 25. Bd3 a5 26. Rd2 b4 27. c4 a4 28.
b3 Ra8 29. Kb2 Na5 30. Rhd1 g6 31. Rf2 Nb7 32. Bb1 f5 33. f4 a3+ 34. Ka1 fxe4
35. fxe5 Nc5 36. Re1 d5 37. cxd5 Bxd5 38. Rd2 Ke6 39. Ne2 Kxe5 40. Ng3 Rf8 41.
Rde2 Rf4 42. Nf1 Rbf6 43. Ne3 Be6 44. Rc1 Nd3 45. Rc6 h5 46. g3 Rf3 47. Nc4+ Kd4
48. Nd2 Bd5 49. Rc4+ Bxc4 50. Rxe4+ Kd5 51. bxc4+ Kc5 52. Re8 Kc6 53. Rd8 Nc5
54. Nxf3 Rxf3 55. Rd1 Rf2 56. Bxg6 b3 57. h4 Kc7 0-1

[Event "57th World Juniors 2018"]
[Site "Manavgat TUR"]
[Date "2018.09.06"]
[Round "2.17"]
[White "Lobanov, Sergei"]
[Black "Can, Isik"]
[Result "0-1"]
[WhiteTitle "IM"]
[BlackTitle "FM"]
[WhiteElo "2535"]
[BlackElo "2361"]
[WhiteFideId "24183750"]
[BlackFideId "6383742"]
[EventDate "2018.09.05"]

1. e4 c6 2. d4 d5 3. e5 Bf5 4. Nf3 e6 5. Be2 c5 6. Be3 Qb6 7. Nc3 Nc6 8. Na4
Qa5+ 9. c3 c4 10. O-O b5 11. Nc5 Bxc5 12. dxc5 Nge7 13. b4 Qa3 14. Qc1 Qxc1 15.
Rfxc1 Kd7 16. a4 a6 17. Ra2 Rhb8 18. Rca1 bxa4 19. Bd1 Bg4 20. Bxa4 Bxf3 21.
gxf3 Kc7 22. Bc2 d4 23. Bxd4 Nxd4 24. cxd4 Rxb4 25. Be4 Nd5 26. Rxa6 Rxa6 27.
Rxa6 c3 28. Ra7+ Kc6 29. Rxf7 Rxd4 30. Bxh7 Nb4 31. Ra7 Nd3 32. Ra2 Kxc5 33.
Bxd3 Rxd3 34. Kf1 Kc4 35. Ke2 Rd5 36. Ra6 c2 37. Rc6+ Kb3 38. Rb6+ Kc3 39. Rc6+
Kb2 40. Rb6+ Kc1 41. f4 Rd2+ 42. Ke1 Rd4 43. Ke2 Rxf4 44. f3 Rc4 0-1

[Event "57th World Juniors 2018"]
[Site "Manavgat TUR"]
[Date "2018.09.06"]
[Round "2.18"]
[White "Miciano, John Marvin"]
[Black "Christiansen, Johan-Sebastian"]
[Result "0-1"]
[WhiteTitle "IM"]
[BlackTitle "IM"]
[WhiteElo "2374"]
[BlackElo "2525"]
[WhiteFideId "5211948"]
[BlackFideId "1512668"]
[EventDate "2018.09.05"]

1. g3 d5 2. Bg2 e5 3. d3 Nf6 4. Nf3 Bd6 5. O-O O-O 6. Nbd2 Re8 7. e4 c6 8. c3
Nbd7 9. Qc2 h6 10. Re1 Nf8 11. Nf1 Ng6 12. Ne3 Be6 13. Nf5 Bf8 14. h3 Qd7 15. g4
Rad8 16. Be3 b6 17. Rad1 Qc8 18. Kh2 Qc7 19. Kg1 Rd7 20. Bc1 Red8 21. exd5 cxd5
22. Qa4 Re8 23. Nh2 Rdd8 24. Ng3 Bd7 25. Qb3 Bc5 26. Nhf1 Nf4 27. Bxf4 exf4 28.
Ne2 h5 29. g5 Nh7 30. d4 Nxg5 31. Nh2 Bf8 32. h4 Ne4 33. Nf3 Bg4 34. Ne5 Rxe5
35. dxe5 f3 36. Nf4 fxg2 37. Rxd5 Nd2 0-1

[Event "57th World Juniors 2018"]
[Site "Manavgat TUR"]
[Date "2018.09.06"]
[Round "2.19"]
[White "Puranik, Abhimanyu"]
[Black "Philippe, Guillaume"]
[Result "1/2-1/2"]
[WhiteTitle "GM"]
[BlackTitle "FM"]
[WhiteElo "2524"]
[BlackElo "2358"]
[WhiteFideId "5061245"]
[BlackFideId "36048763"]
[EventDate "2018.09.05"]

1. Nf3 Nf6 2. g3 b5 3. Bg2 Bb7 4. Na3 a6 5. c4 c6 6. O-O d6 7. d4 Nbd7 8. Qb3 e6
9. Bf4 Be7 10. Rac1 O-O 11. Rfd1 Qb6 12. Be3 Ng4 13. Bg5 Bxg5 14. Nxg5 Ngf6 15.
c5 dxc5 16. dxc5 Nxc5 17. Qc2 h6 18. Nxf7 Kxf7 19. Qxc5 Qxc5 20. Rxc5 Rfd8 21.
Rcc1 Rxd1+ 22. Rxd1 Ke7 23. Nc2 Nd5 24. e4 Nb6 25. b4 a5 26. a3 axb4 27. axb4
Ra2 28. Nd4 Rb2 29. Bh3 Rxb4 30. Nxe6 Bc8 31. Nd8 Rc4 32. Bf1 Rc3 33. Nxc6+ Rxc6
34. Bxb5 Rc2 35. Bd3 Rb2 36. Rb1 Rxb1+ 37. Bxb1 Kd6 38. f4 Kc5 39. Kf2 Kd4 40.
e5 Nd5 41. Bg6 Be6 42. h4 Ne3 43. Bh5 Bg4 44. Bf7 h5 45. Bg6 Nf5 46. Bf7 Ne7 47.
Be8 g6 48. Bf7 Bf5 49. Kf3 Kd3 50. Ba2 Kd2 51. Kf2 Be4 52. Bf7 Bf5 53. Ba2 Bc2
54. g4 hxg4 55. Kg3 Bf5 56. Bf7 Ke3 57. h5 gxh5 58. Bxh5 Nd5 59. Bxg4 Bxg4 60.
Kxg4 Nxf4 61. Kf5 Kf3 62. e6 Nxe6 63. Kxe6 1/2-1/2

[Event "57th World Juniors 2018"]
[Site "Manavgat TUR"]
[Date "2018.09.06"]
[Round "2.20"]
[White "Zou, Chen"]
[Black "Santos Ruiz, Miguel"]
[Result "1/2-1/2"]
[WhiteTitle "FM"]
[BlackTitle "GM"]
[WhiteElo "2365"]
[BlackElo "2524"]
[WhiteFideId "8610959"]
[BlackFideId "22291482"]
[EventDate "2018.09.05"]

1. e4 e5 2. Nf3 Nc6 3. Bb5 g6 4. c3 a6 5. Ba4 b5 6. Bb3 Bg7 7. O-O Nge7 8. d4
exd4 9. cxd4 O-O 10. d5 Na5 11. d6 cxd6 12. Qxd6 Nb7 13. Qb4 Nc6 14. Qe1 Nc5 15.
Bg5 Qe8 16. Nc3 Bb7 17. Qe3 Nxb3 18. axb3 Nb4 19. Rad1 d5 20. Nxd5 Nxd5 21. exd5
Qxe3 22. fxe3 h6 23. Be7 Rfe8 24. d6 Bxb2 25. Ne1 Ba3 26. Nd3 Bd5 27. Nf4 Bxb3
28. Nd5 Bxd5 29. Rxd5 Rxe7 30. dxe7 Bxe7 31. Ra1 Bf6 32. Ra5 Bc3 33. Ra2 b4 34.
Rb5 Kg7 35. Rb6 a5 36. Ra4 Bd2 37. Kf2 Re8 38. Rb5 Bxe3+ 39. Kf1 Bf4 40. Raxa5
Bxh2 41. Rxb4 Bg3 42. Rb1 h5 43. Ra7 g5 44. Ra3 h4 45. Rxg3 hxg3 46. Rb3 Kg6 47.
Rxg3 f5 48. Ra3 Rb8 49. g3 Rb2 50. Ra5 Rd2 51. Rb5 Kf6 52. Ra5 g4 53. Rb5 Ke6
54. Rb4 Ke5 55. Rf4 Rd3 56. Kg2 Rd2+ 57. Kg1 Rd4 58. Rf2 Ke4 59. Rf4+ Ke5 60.
Rf2 Rd3 61. Kg2 Re3 62. Rf4 Re2+ 63. Kg1 Rd2 64. Rf1 Rd5 65. Rf4 Rd4 66. Rf2 f4
67. Rxf4 Rxf4 68. gxf4+ Kxf4 69. Kf2 g3+ 70. Kg2 Kg4 71. Kg1 Kh3 72. Kh1 g2+ 73.
Kg1 Kg3 1/2-1/2

[Event "57th World Juniors 2018"]
[Site "Manavgat TUR"]
[Date "2018.09.06"]
[Round "2.21"]
[White "Schitco, Ivan"]
[Black "Yakubboev, Nodirbek"]
[Result "1/2-1/2"]
[WhiteTitle "FM"]
[BlackTitle "IM"]
[WhiteElo "2358"]
[BlackElo "2521"]
[WhiteFideId "13905465"]
[BlackFideId "14203987"]
[EventDate "2018.09.05"]

1. d4 Nf6 2. c4 e6 3. g3 d5 4. Bg2 dxc4 5. Nf3 c5 6. O-O Nc6 7. dxc5 Bxc5 8.
Qxd8+ Nxd8 9. Nbd2 c3 10. bxc3 Bd7 11. Ne5 Rc8 12. a4 Bd6 13. Nxd7 Kxd7 14. c4
Nc6 15. Nb3 Ke7 16. Rb1 b6 17. a5 Nd7 18. axb6 axb6 19. Bb2 f6 20. Rbc1 Na5 21.
Nxa5 bxa5 22. Bc3 Bb4 23. Bb7 Rc7 24. Ba6 Rb8 25. Bd4 Ra8 26. Bb5 a4 27. Ra1 a3
28. Rfb1 Bc5 29. e3 e5 30. Bb2 Nb6 31. Bc1 Kd6 32. Ra2 Rca7 33. Rb3 Kc7 34. Kf1
Nc8 35. Ke2 Nd6 36. Kd3 e4+ 37. Ke2 f5 38. h3 g6 39. Rb1 Nxb5 40. Rxb5 Ra5 41.
Rxa5 Rxa5 42. Kd2 Bb4+ 43. Kc2 Kc6 44. Kb3 Kc5 45. Bd2 Bxd2 46. Rxd2 Ra8 47.
Rd5+ Kc6 48. Ka2 Ra4 49. Rd8 Ra7 50. Rd5 Ra8 51. Rb5 Ra4 52. Rb8 Kc7 53. Rb3
Rxc4 54. Kxa3 Rc1 55. h4 Kd6 56. Rb2 Ke5 57. Kb3 Kf6 58. Rc2 Rd1 59. Kb2 Rf1 60.
Kc3 h6 61. Rb2 g5 62. Rb6+ Kg7 63. hxg5 hxg5 64. Rb2 Kg6 65. g4 fxg4 1/2-1/2

[Event "57th World Juniors 2018"]
[Site "Manavgat TUR"]
[Date "2018.09.06"]
[Round "2.22"]
[White "Karthik, Venkataraman"]
[Black "Schekachikhin, Maksim"]
[Result "1-0"]
[WhiteTitle "IM"]
[BlackTitle "IM"]
[WhiteElo "2519"]
[BlackElo "2356"]
[WhiteFideId "25006479"]
[BlackFideId "24177830"]
[EventDate "2018.09.05"]

1. d4 d5 2. c4 c6 3. Nf3 Nf6 4. Nc3 e6 5. g3 Nbd7 6. Bg2 dxc4 7. O-O Be7 8. a4
a5 9. e4 O-O 10. Bf4 Bb4 11. Qc2 b6 12. Rad1 Bb7 13. Rfe1 Rc8 14. Nd2 Ba6 15.
Na2 c5 16. d5 e5 17. Bg5 h6 18. Bxf6 Nxf6 19. Nc3 Ne8 20. f4 exf4 21. gxf4 Qf6
22. Rf1 Qg6 23. Nf3 Nf6 24. Nh4 Qh5 25. Qf2 Qg4 26. Kh1 Rce8 27. e5 Nh7 28. Be4
Bxc3 29. bxc3 f5 30. Rg1 Qh5 31. Bf3 Qf7 32. Ng6 Ng5 33. Nxf8 Nh3 34. Qg2 Nxg1
35. Rxg1 Qxf8 36. Qg6 Bb7 37. Qxb6 Qf7 38. Qxc5 Kh8 39. Qxc4 Rd8 40. Rd1 g5 41.
Qd4 gxf4 42. Qxf4 1-0

[Event "57th World Juniors 2018"]
[Site "Manavgat TUR"]
[Date "2018.09.06"]
[Round "2.24"]
[White "Arcuti, Davide"]
[Black "Bellahcene, Bilel"]
[Result "0-1"]
[WhiteTitle "FM"]
[BlackTitle "GM"]
[WhiteElo "2356"]
[BlackElo "2501"]
[WhiteFideId "1323725"]
[BlackFideId "696358"]
[EventDate "2018.09.05"]

1. d4 Nf6 2. c4 e6 3. Nc3 Bb4 4. Qc2 c5 5. dxc5 O-O 6. a3 Bxc5 7. Nf3 b6 8. Bf4
Bb7 9. Rd1 Nc6 10. e3 Nh5 11. Bd6 Bxd6 12. Rxd6 Qe7 13. Qd1 Rad8 14. Be2 f5 15.
O-O Nf6 16. Rd2 Ne4 17. Nxe4 fxe4 18. Nd4 Ne5 19. Kh1 Qg5 20. Qb3 Nf3 21. Bxf3
exf3 22. g4 Rf6 23. Qb5 e5 24. Nf5 Rxf5 25. Rxd7 Rxd7 26. Qxd7 Rf7 0-1

[Event "57th World Juniors 2018"]
[Site "Manavgat TUR"]
[Date "2018.09.06"]
[Round "2.26"]
[White "Kalogeris, Ioannis"]
[Black "Lorparizangeneh, Shahin"]
[Result "1/2-1/2"]
[BlackTitle "GM"]
[WhiteElo "2352"]
[BlackElo "2491"]
[WhiteFideId "4239563"]
[BlackFideId "12521604"]
[EventDate "2018.09.05"]

1. e4 c6 2. d4 d5 3. e5 c5 4. dxc5 e6 5. a3 Bxc5 6. Nf3 Ne7 7. b4 Bb6 8. Bb2 a5
9. Nc3 Bc7 10. Nb5 axb4 11. axb4 Rxa1 12. Qxa1 Nbc6 13. Nxc7+ Qxc7 14. b5 Na5
15. Bd3 Nc4 16. Bf1 Na5 17. Bd3 Nc4 18. Bd4 Bd7 19. Qa4 O-O 20. O-O Ng6 21. Re1
f6 22. Bxc4 Qxc4 23. Qxc4 dxc4 24. Rb1 Kf7 25. Nd2 fxe5 26. Bc3 Rd8 27. g3 Kg8
28. h4 Be8 29. Nxc4 Rc8 30. Rb4 Ne7 31. Bxe5 Nd5 32. Nd6 Nxb4 33. Nxc8 Bxb5 34.
Nd6 Bc6 35. c4 Nd3 36. f4 Nc5 37. Kf2 Ne4+ 38. Nxe4 Bxe4 1/2-1/2

[Event "57th World Juniors 2018"]
[Site "Manavgat TUR"]
[Date "2018.09.06"]
[Round "2.27"]
[White "Sadikhov, Ulvi"]
[Black "Piyumantha, M Sasith Nipun"]
[Result "1-0"]
[WhiteTitle "IM"]
[BlackTitle "FM"]
[WhiteElo "2491"]
[BlackElo "2139"]
[WhiteFideId "13401416"]
[BlackFideId "9916148"]
[EventDate "2018.09.05"]

1. e4 c6 2. d4 d5 3. e5 Bf5 4. Nf3 e6 5. Be2 c5 6. O-O Nc6 7. c3 cxd4 8. Nxd4
Nxd4 9. cxd4 Ne7 10. Nc3 Nc6 11. g4 Bg6 12. f4 Qd7 13. h4 Be4 14. Be3 Be7 15. h5
g6 16. h6 a6 17. Rc1 Bf8 18. Na4 Qd8 19. g5 Be7 20. Nc5 Bxc5 21. Rxc5 O-O 22.
Qa4 Qb6 23. b3 Qd8 24. Rfc1 Qd7 25. Kf2 Rfb8 26. Qa3 Rc8 27. R5c3 Qe8 28. Qc5
Qf8 29. b4 Rd8 30. Qxf8+ Kxf8 31. a3 Rdc8 32. a4 Ke8 33. b5 axb5 34. Bxb5 Kd7
35. Bd2 Kd8 36. Ke3 Na7 37. Rxc8+ Rxc8 38. Ba5+ Ke7 39. Bb4+ Kd8 40. Rxc8+ Nxc8
41. a5 Na7 42. Ba4 Bb1 43. Bc5 Nc8 44. Kd2 Be4 45. Kc3 Bg2 46. Kb4 Bf1 47. Kc3
Be2 48. Kd2 Bf1 49. Ke3 Bc4 50. Kd2 Bf1 51. Kc3 Be2 52. Kb4 Bf1 53. Bf8 Be2 54.
Kc5 Bf1 55. Bg7 Ke7 56. Bf6+ Kf8 57. Bd7 Na7 58. Kb6 Nc6 59. Bxc6 bxc6 60. a6
Bxa6 61. Kxa6 Ke8 62. Kb6 Kd7 63. Kb7 1-0

[Event "57th World Juniors 2018"]
[Site "Manavgat TUR"]
[Date "2018.09.06"]
[Round "2.29"]
[White "Gulden, Egemen"]
[Black "Sindarov, Javokhir"]
[Result "0-1"]
[WhiteTitle "CM"]
[BlackTitle "IM"]
[WhiteElo "2068"]
[BlackElo "2484"]
[WhiteFideId "6324983"]
[BlackFideId "14205483"]
[EventDate "2018.09.05"]

1. e4 c5 2. Nc3 Nc6 3. g3 g6 4. Bg2 Bg7 5. d3 d6 6. Be3 Nf6 7. h3 O-O 8. Nge2
Rb8 9. O-O b5 10. Qd2 b4 11. Nd1 Ba6 12. f4 Nd7 13. g4 Qa5 14. Rf2 Rfc8 15. f5
c4 16. fxg6 fxg6 17. Bh6 cxd3 18. cxd3 Bxh6 19. Qxh6 Nde5 20. d4 Nd3 21. Nf4
Nxf4 22. Qxf4 Rf8 23. Qe3 Qb6 24. Rd2 Rbc8 25. e5 dxe5 26. Bd5+ Kh8 27. Bxc6
Rf1+ 28. Kh2 Qxc6 29. Qxe5+ Kg8 30. d5 Qb6 31. Kg3 Rcf8 32. d6 Qg1+ 33. Kh4 Re1
34. Ne3 Qxe3 35. Rxe1 Qh6+ 36. Kg3 Qxd2 37. Qe6+ Rf7 0-1

[Event "57th World Juniors 2018"]
[Site "Manavgat TUR"]
[Date "2018.09.06"]
[Round "2.31"]
[White "Liyanage, Ranindu Dilshan"]
[Black "Harsha, Bharathakoti"]
[Result "0-1"]
[WhiteTitle "CM"]
[BlackTitle "IM"]
[WhiteElo "1989"]
[BlackElo "2474"]
[WhiteFideId "9915834"]
[BlackFideId "5078776"]
[EventDate "2018.09.05"]

1. e4 e6 2. d4 d5 3. Nd2 Be7 4. Ngf3 Nf6 5. e5 Nfd7 6. Bd3 c5 7. O-O Nc6 8. Re1
cxd4 9. Nb3 Qb6 10. a4 a6 11. a5 Qc7 12. Bf4 Bb4 13. Re2 Nc5 14. Nbxd4 Bxa5 15.
c3 Nxd3 16. Qxd3 Rb8 17. Rc1 Bd7 18. Nb3 Bb6 19. Nfd4 Ne7 20. c4 dxc4 21. Rxc4
Bc6 22. Qg3 O-O 23. Nxc6 bxc6 24. Rec2 Rfd8 25. h3 Rd5 26. Qf3 Qd7 27. R4c3 h6
28. Qe2 a5 29. Nc5 Bxc5 30. Rxc5 Ng6 31. Bg3 Rxb2 32. Rxc6 Rd1+ 33. Kh2 Rbb1 34.
Bh4 Nxh4 35. Rc8+ Kh7 36. R2c7 Nf5 0-1

[Event "57th World Juniors 2018"]
[Site "Manavgat TUR"]
[Date "2018.09.06"]
[Round "2.32"]
[White "Fleri, Matthew"]
[Black "Gavrilescu, David"]
[Result "0-1"]
[BlackTitle "FM"]
[WhiteElo "1625"]
[BlackElo "2470"]
[WhiteFideId "5602165"]
[BlackFideId "1227190"]
[EventDate "2018.09.05"]

1. e4 c5 2. c3 d5 3. exd5 Qxd5 4. d4 Nc6 5. Nf3 Bf5 6. Be3 Nf6 7. Bb5 cxd4 8.
Bxc6+ Qxc6 9. cxd4 Qa6 10. Nc3 e6 11. a3 Rc8 12. Ne5 Be7 13. Qe2 Qa5 14. O-O O-O
15. g4 Bg6 16. Nxg6 hxg6 17. Rfc1 Rc6 18. b4 Qd8 19. Nb5 Rxc1+ 20. Rxc1 a6 21.
Nc3 a5 22. Rb1 axb4 23. axb4 Qc7 24. Na4 Qc6 25. Nc5 b6 26. b5 Qa8 27. g5 Ne4
28. Nd7 Nc3 29. Qe1 Nxb1 30. Nxf8 Na3 31. Nd7 Qd8 32. Ne5 Bxg5 33. Qc1 Bxe3 34.
Qxe3 Nxb5 35. Nc6 Qd7 36. d5 exd5 37. Qxb6 Qg4+ 38. Kf1 Nc3 39. Qe3 Qc4+ 40. Kg2
Qxc6 41. Qg5 d4+ 42. f3 Qd7 43. Qd2 d3 44. Kf2 Nb1 45. Qd1 d2 46. Ke3 Na3 47.
Ke2 Nc4 48. f4 Qe6+ 49. Kf2 Qe4 50. Qg4 Qd4+ 51. Kg2 Ne3+ 0-1

[Event "57th World Juniors 2018"]
[Site "Manavgat TUR"]
[Date "2018.09.06"]
[Round "2.33"]
[White "Agibileg, Uurtsaikh"]
[Black "Van Foreest, Jorden"]
[Result "0-1"]
[BlackTitle "GM"]
[WhiteElo "2321"]
[BlackElo "2624"]
[WhiteFideId "4901606"]
[BlackFideId "1039784"]
[EventDate "2018.09.05"]

1. d4 Nf6 2. c4 e6 3. Nc3 Bb4 4. a3 Bxc3+ 5. bxc3 b6 6. e3 Nc6 7. Bd3 Na5 8. Nf3
Ba6 9. Nd2 c5 10. O-O Rc8 11. e4 O-O 12. Qe2 cxd4 13. cxd4 d6 14. Bb2 Nd7 15.
Rac1 e5 16. Qe3 Qe7 17. f4 Rc7 18. c5 Bxd3 19. cxd6 Qxd6 20. dxe5 Qe6 21. Rxc7
Bxf1 22. f5 Qa2 23. Qc3 Bb5 24. e6 Nf6 25. e7 Re8 26. g4 Nc4 27. Rxc4 Bxc4 28.
g5 Nh5 29. Qd4 Bb5 30. Qe5 a6 31. f6 Nf4 32. h4 Nd3 33. Qd5 Qxb2 0-1

[Event "57th World Juniors 2018"]
[Site "Manavgat TUR"]
[Date "2018.09.06"]
[Round "2.34"]
[White "Martirosyan, Haik M."]
[Black "Urazayev, Arystanbek"]
[Result "1-0"]
[WhiteTitle "GM"]
[BlackTitle "CM"]
[WhiteElo "2597"]
[BlackElo "2333"]
[WhiteFideId "13306553"]
[BlackFideId "13709810"]
[EventDate "2018.09.05"]

1. d4 Nf6 2. c4 e6 3. Nf3 d5 4. Nc3 dxc4 5. e3 a6 6. a4 Nc6 7. Bxc4 b6 8. O-O
Na5 9. Ba2 Bb7 10. Qe2 c5 11. Rd1 Qb8 12. e4 cxd4 13. Nxd4 Bd6 14. Nf3 Bc5 15.
Bg5 O-O 16. Bxf6 gxf6 17. e5 Rd8 18. Ne4 Bxe4 19. Qxe4 Be7 20. Qh4 Kg7 21. Re1
Ra7 22. Qg4+ Kh8 23. Qh5 Kg7 24. Re4 f5 25. Ng5 Bxg5 26. Qxg5+ Kf8 27. Qh6+ Ke8
28. Ree1 Nc6 29. Qxh7 Rad7 30. Qh8+ Ke7 31. Qf6+ Ke8 32. h4 Rd4 33. h5 Re4 34.
Rxe4 fxe4 35. Bxe6 fxe6 36. Qxe6+ Ne7 37. Qf6 Nd5 38. Qg6+ Ke7 39. Qxe4 Qc8 40.
Qh7+ Ke6 41. Qg6+ Ke7 42. Qg5+ Ke6 43. Rc1 Qd7 44. h6 Rf8 45. Qg6+ Kxe5 46. Re1+
Kd4 47. h7 Qd8 48. Rd1+ Kc5 49. Qe6 a5 50. Rc1+ Kd4 51. Qe2 1-0